000 00774nam a2200229Ia 4500
003 OSt
005 20220923220419.0
006 a|||||r|||| 00| 0
007 ta
008 220922b |||||||| |||| 00| 0 hin d
024 _a186,484
037 _cTextual
040 _aARTS
_cARTS
_bhin
041 _2hin
_ahin
082 _aY:1.2.N7, L3
100 _aगुप्ता, मोती लाल
245 0 _aभारतीय सामाजिक संस्थाएँ
246 _aBhāratīya sāmājik sansthāeँ
260 _aजयपुर
_b राजस्थान हिन्दी ग्रंथ अकादमी
_c1973
942 _hY:1.2.N7, L3
_cTEXL
_2CC
999 _c339727
_d339727